| 000 | 01554nam a2200325 a 4500 | ||
|---|---|---|---|
| 001 | BRCA_3111 | ||
| 005 | 20190320204122.0 | ||
| 008 | 290109s1847----fr-a---###---#000-0dfre-u | ||
| 041 | _afre | ||
| 044 | _afr | ||
| 084 |
_a417 _b.D387 _c1847 |
||
| 100 | 1 |
_aCervantes Saavedra, Miguel de _d1547-1616 _9213 |
|
| 245 | 1 | 0 |
_aAventures de Don Quichotte de la Manche _cpar Michel de Cervantes. |
| 260 |
_aParís _bE. Ducrocq _c1847 |
||
| 300 |
_axii, 484 p. _bil. _c22 cm. |
||
| 500 | _aContenido : Advertencia del editor. Nota historica y literaria sobre Cervantes. Texto de ambas partes. Resumen de la continuación hecha por Filleau de Saint-Martin | ||
| 500 | _aEdición : Edition revue et corrigée par l´Abb, Lejeune chanoine, Professeur a la Faculte de Théologie de Rouen. Illustré de 20 grands Dessins par M.M. Célestin Nanteuil, Bouchot et Demoraine, Nouvelle edition et nouvelle traduction | ||
| 500 | _aEdición igual al LO-416. Semipiel; lomo decorado con filetes dorados Lúdovik Osterc | ||
| 500 | _aEstado físico : La edición presenta hojas desprendidas | ||
| 500 | _aQM342 | ||
| 546 | _aTexto en : francés | ||
| 650 | 1 | 4 |
_aNovela española _yÉpoca clásica, 1500-1700 _9215 |
| 650 | 1 | 4 |
_aLiteratura española _yÉpoca clásica, 1500-1700 _9216 |
| 650 | 1 | 4 |
_aNovela española _ySiglo XVII _9217 |
| 650 | 1 | 4 |
_aDon Quijote (Personaje ficticio) _eNovela _9218 |
| 700 | 1 |
_aSaint-Martin, Francois Filleau de _d1632-1695 _eTraductor _98465 |
|
| 740 | 0 | _aEl Ingenioso Hidalgo Don Quijote de la Mancha | |
| 902 | _aQFM | ||
| 942 |
_2lcc _cB |
||
| 999 |
_c2847 _d2847 |
||